[Event "Buenos Aires FASGBA op"]
[Site "Buenos Aires"]
[Date "2015.08.03"]
[Round "3"]
[White "Castelli, Marcelo"]
[Black "Malamud, Lautaro"]
[Result "1-0"]
[WhiteElo "1890"]
[BlackElo "2016"]
[PlyCount "65"]
[EventDate "2015.07.31"]
[EventType "swiss"]
[EventRounds "7"]
[EventCountry "ARG"]
[SourceTitle "EXT 2016"]
[Source "ChessBase"]
[SourceDate "2015.10.08"]
[SourceVersion "1"]
[SourceVersionDate "2015.10.08"]
[SourceQuality "1"]

1. e4 c5 2. Nf3 Nc6 3. d4 cxd4 4. Nxd4 Nf6 5. Nc3 e5 6. Ndb5 d6 7. Bg5 a6 8. Na3 b5 9. Nd5 Be7 10. Bxf6 Bxf6 11. c4 b4 12. Nc2 a5 13. b3 0-0 14. g3 Bb7 15. Bg2 Nd4 16. Nxd4 exd4 17. Nxf6+ Qxf6 18. 0-0 Qe5 19. f4 Qc5 20. Qd3 a4 21. Rad1 axb3 22. axb3 Ra3 23. Qxd4 Rxb3 24. Kh1 Qxd4 25. Rxd4 Rc3 26. Rb1 Ba6 27. Bf1 b3 28. Rxd6 Bxc4 29. Bxc4 Rxc4 30. Rxb3 Rxe4 31. Kg2 Rfe8 32. Rb2 g6 33. Rd1 1-0